Catálogo público

Enfermedades del maíz en algunas regiones tropicales de México, con énfasis en el estado de Chiapas : (Record no. 198757)

MARC details
000 -CABECERA
campo de control de longitud fija 00862nam a2200265Ia 4500
001 - NÚMERO DE CONTROL
campo de control Para_2172
003 - IDENTIFICADOR DEL NÚMERO DE CONTROL
campo de control CHAP
008 - DATOS DE LONGITUD FIJA--INFORMACIÓN GENERAL
campo de control de longitud fija 220125s1995 xx 000 0 und d
010 ## - NÚMERO DE CONTROL DE LA BIBLIOTECA DEL CONGRESO
Número de control de LC 198757
040 ## - FUENTE DE LA CATALOGACIÓN
Centro/agencia transcriptor CHAP
082 ## - NÚMERO DE LA CLASIFICACIÓN DECIMAL DEWEY
Número de clasificación PA 633.15 Q8
100 ## - ENTRADA PRINCIPAL--NOMBRE DE PERSONA
Nombre de persona Quiroga Madrigal, Ricardo R.
9 (RLIN) 164056
245 ## - MENCIÓN DE TÍTULO
Título Enfermedades del maíz en algunas regiones tropicales de México, con énfasis en el estado de Chiapas :
Resto del título Manual para técnicos, investigadores y estudiantes /
Mención de responsabilidad, etc. por Ricardo R. Quiroga Madrigal
260 ## - PUBLICACIÓN, DISTRIBUCIÓN, ETC.
Lugar de publicación, distribución, etc. México :
Nombre del editor, distribuidor, etc. Universidad Autónoma Chiapas
300 ## - DESCRIPCIÓN FÍSICA
Extensión 116 p.
650 ## - PUNTO DE ACCESO ADICIONAL DE MATERIA--TÉRMINO DE MATERIA
Término de materia o nombre geográfico como elemento de entrada Maíz
Subdivisión general Chiapas
9 (RLIN) 164057
650 ## - PUNTO DE ACCESO ADICIONAL DE MATERIA--TÉRMINO DE MATERIA
Término de materia o nombre geográfico como elemento de entrada Maíz
Subdivisión general enférmedades
9 (RLIN) 70939
901 ## - ELEMENTOS DE DATOS A LOCAL LDA (RLIN)
a PA 633.15 Q8
902 ## - ELEMENTOS DE DATOS B LOCAL, LDB (RLIN)
a A
905 ## - ELEMENTOS DE DATOS E LOCAL, LDE (RLIN)
a 0000001995 a 0000000000 00
910 ## - DATOS DE OPCIÓN DEL USUARIO (OCLC)
Datos de opción del usuario 1995
942 ## - ELEMENTOS DE PUNTO DE ACCESO ADICIONAL (KOHA)
Tipo de ítem Koha Parasitologia_
942 ## - ELEMENTOS DE PUNTO DE ACCESO ADICIONAL (KOHA)
Tipo de ítem Koha Parasitologia_
-- 1
Holdings
Estado de retiro Estado de pérdida Fuente del sistema de clasificación o colocación Estado dañado No para préstamo Código de colección Localización permanente Ubicación/localización actual Fecha de adquisición Número de inventario Total de préstamos Signatura topográfica completa Código de barras Fecha visto por última vez Número de copia Precio válido a partir de Tipo de ítem Koha Nota pública
    Dewey Decimal Classification     General Parasitologia Agricola Parasitologia Agricola 27/10/2005 (PA_7863) (No. UACh C/E)   PA 633.15 Q8 4102003187 25/01/2022 Ej.1 25/01/2022 Libro 3